|
|
|
|
| LEADER |
00000naa2a2200000 4500 |
| 001 |
623898 |
| 005 |
20250513123615.0 |
| 035 |
|
|
|a (RuTPU)RU\TPU\conf\23012
|
| 035 |
|
|
|a RU\TPU\conf\23011
|
| 090 |
|
|
|a 623898
|
| 100 |
|
|
|a 20171004d2017 k y0rusy50 ca
|
| 101 |
0 |
|
|a rus
|
| 102 |
|
|
|a RU
|
| 105 |
|
|
|a y z 101zy
|
| 135 |
|
|
|a drcn ---uucaa
|
| 181 |
|
0 |
|a i
|
| 182 |
|
0 |
|a b
|
| 200 |
1 |
|
|a Измерение глубинных распределений доз клинического пучка электронов в HIPS пластике
|f А. А. Красных, И. А. Милойчикова, С. Г. Стучебров
|
| 203 |
|
|
|a Текст
|c электронный
|
| 225 |
1 |
|
|a Ядерные технологии XXI века
|
| 300 |
|
|
|a Заглавие с экрана
|
| 320 |
|
|
|a [Библиогр.: с. 59 (4 назв.)]
|
| 463 |
|
0 |
|0 (RuTPU)RU\TPU\conf\22967
|t Физико-технические проблемы в науке, промышленности и медицине
|o сборник тезисов докладов IX Международной научно-практической конференции, г. Томск, 21-22 сентября 2017 г.
|f Национальный исследовательский Томский политехнический университет (ТПУ) ; под ред. С. А. Байдали [и др.]
|v [С. 58-59]
|d 2017
|
| 610 |
1 |
|
|a труды учёных ТПУ
|
| 610 |
1 |
|
|a электронный ресурс
|
| 610 |
1 |
|
|a пучки электронов
|
| 610 |
1 |
|
|a онкологические заболевания
|
| 610 |
1 |
|
|a наплавление
|
| 610 |
1 |
|
|a рентгенография
|
| 610 |
1 |
|
|a детекторы
|
| 700 |
|
1 |
|a Красных
|b А. А.
|c физик
|c инженер Томского политехнического университета
|f 1993-
|g Ангелина Александровна
|3 (RuTPU)RU\TPU\pers\41518
|9 21413
|
| 701 |
|
1 |
|a Милойчикова
|b И. А.
|c физик
|c доцент Томского политехнического университета, кандидат физико-математических наук
|f 1988-
|g Ирина Алексеевна
|3 (RuTPU)RU\TPU\pers\35464
|9 18661
|
| 701 |
|
1 |
|a Стучебров
|b С. Г.
|c физик
|c доцент Томского политехнического университета, кандидат физико-математических наук
|f 1981-
|g Сергей Геннадьевич
|3 (RuTPU)RU\TPU\pers\31441
|9 15603
|
| 712 |
0 |
2 |
|a Национальный исследовательский Томский политехнический университет (ТПУ)
|b Физико-технический институт (ФТИ)
|b Кафедра прикладной физики (№ 12) (ПФ)
|3 (RuTPU)RU\TPU\col\18729
|
| 801 |
|
2 |
|a RU
|b 63413507
|c 20181116
|g RCR
|
| 850 |
|
|
|a 63413507
|
| 856 |
4 |
|
|u http://earchive.tpu.ru/handle/11683/43152
|
| 942 |
|
|
|c BK
|